000 01328nam a22001817a 4500
999 _c121114
_d121114
001 K121114
008 190716b2019 ||||| |||| 00| 0 eng d
110 _96276
_aIndustry Safety Steering Group
245 _aBuilding Safety: Industry Safety Steering Group Report for the Secretary of State
260 _c2019
520 _aThis report provides the Secretary of State and Ministers with an update on the work of the Industry Safety Steering Group (ISSG) to date, their view on industry’s progress with culture change and their priorities for the next six months. The group was established to encourage culture change within the construction industry and to monitor broader industry’s progress on implementing the recommendations in the Independent Review of Building Regulations and Fire Safety following the Grenfell fire. It focusses on a number of themes the ISSG has reviewed to date; competence, industry culture change and leadership, procurement and construction products
650 _afire safety
650 _aGrenfell fire
650 _aconstruction industry
651 _aUnited Kingdom 1973
690 _96244
_aHealth and safety
856 _uhttps://www.gov.uk/government/publications/industry-safety-steering-group-report-on-culture-change-in-the-construction-sector
_zView free online at www.gov.uk